Not a black and white issue (Record no. 117415)
[ view plain ]
| 000 -LEADER | |
|---|---|
| fixed length control field | 01323cam a2200229 4500 |
| 001 - CONTROL NUMBER | |
| control field | ABS67787 |
| 008 - FIXED-LENGTH DATA ELEMENTS--GENERAL INFORMATION | |
| fixed length control field | 040528n2004 000 0 eng u |
| 035 ## - SYSTEM CONTROL NUMBER | |
| System control number | (Sirsi) u126313 |
| 100 ## - MAIN ENTRY--PERSONAL NAME | |
| Personal name | Appleton, J. |
| 245 ## - TITLE STATEMENT | |
| Title | Not a black and white issue |
| 260 ## - PUBLICATION, DISTRIBUTION, ETC. | |
| Date of publication, distribution, etc. | 2004 |
| 490 ## - SERIES STATEMENT | |
| Series statement | Architects' Journal |
| Volume/sequential designation | 219(18) 6 May 2004, 44(1) |
| 520 ## - SUMMARY, ETC. | |
| Summary, etc. | Discusses whether the under-representation of ethnic minorities in architecture is important or just inevitable. Recent surveys have found that 8% of architecture students had come across racial discrimination in their university or workplace. Recent statistics have also highlighted that, although ethnic minorities make up 6.7% of the economically active population, they only account for about 2% of those employed in construction. Under representation may be the result of lack of awareness of the opportunities available in the construction industry and because of the lack of appropriate role models. Warns that constant monitoring and special provisions for ethnic minorities may actually increase peoples awareness of race and encourage divisions. |
| 590 ## - LOCAL NOTE (RLIN) | |
| Local note | ABS |
| 590 ## - LOCAL NOTE (RLIN) | |
| Local note | ABS |
| 650 ## - SUBJECT ADDED ENTRY--TOPICAL TERM | |
| Topical term or geographic name entry element | ETHNIC MINORITIES |
| 650 ## - SUBJECT ADDED ENTRY--TOPICAL TERM | |
| Topical term or geographic name entry element | EQUAL OPPORTUNITIES |
| 650 ## - SUBJECT ADDED ENTRY--TOPICAL TERM | |
| Topical term or geographic name entry element | RACIAL EQUALITY |
| 650 ## - SUBJECT ADDED ENTRY--TOPICAL TERM | |
| Topical term or geographic name entry element | ARCHITECTURE |
| 690 ## - LOCAL SUBJECT ADDED ENTRY--TOPICAL TERM (OCLC, RLIN) | |
| Topical term or geographic name as entry element | BUILDING AND CONSTRUCTION |
| 942 ## - ADDED ENTRY ELEMENTS (KOHA) | |
| Suppress in OPAC | 0 |
| Withdrawn status | Lost status | Source of classification or shelving scheme | Damaged status | Not for loan | Home library | Current library | Shelving location | Date acquired | Total Checkouts | Full call number | Barcode | Date last seen | Copy number | Price effective from | Koha item type |
|---|---|---|---|---|---|---|---|---|---|---|---|---|---|---|---|
| Dewey Decimal Classification | London | London | Journal article | 28/05/2004 | ABS67787 | 126313-1001 | 06/08/2019 | 1 | 06/08/2019 | Journal article |